Guia de serveis per als ajuntaments 1993 / Diputació de Barcelona. Àrea de Serveis Socials
Descripción Física:
29 p. ; 21 cm
Materias:
Serveis socials
MARC
| LEADER | 00000nam a2200000Ia 4500 | ||
|---|---|---|---|
| 001 | 10318 | ||
| 008 | 160829s1993 xx 000 0 cat d | ||
| 080 | |a FU-11-42 | ||
| 110 | |a Barcelona (Catalunya : Província). |b Àrea de Serveis Socials |9 53159 | ||
| 245 | |a Guia de serveis per als ajuntaments 1993 / Diputació de Barcelona. Àrea de Serveis Socials | ||
| 260 | |a Barcelona : |b Diputació de Barcelona, |c 1993 | ||
| 300 | |a 29 p. ; |c 21 cm | ||
| 650 | 0 | |a Serveis socials |9 30783 | |
| 901 | |a Arxiu | ||
| 942 | |n 1 | ||
| 952 | |0 0 |1 0 |4 0 |7 1 |9 42482 |a Arxiu |b Arxiu |d 2016-12-01 |h 1993 |o FU-11-42 |p 10318 |r 2016-12-01 00:00:00 |w 2016-12-01 |y ARXIU | ||
| 999 | |c 44987 |d 44987 | ||